10 Most Dangerous Cities in the Midwest United States - Statistics

General Stats
  • This quiz has been taken 44 times
  • The average score is 6 of 10
Answer Stats
Answer % Correct
Chicago
88%
St. Louis
88%
Kansas City
85%
Milwaukee
79%
Cincinnati
68%
Minneapolis
56%
Dayton
44%
Rockford
38%
South Bend
24%
Lansing
21%
No matching quizzes found
Score Distribution
Percent of People with Each Score
Percentile by Number Answered
Your Score History
You have not taken this quiz